| 000 | 01364mam a2200349 a 4500 | ||
|---|---|---|---|
| 001 | 2267457 | ||
| 005 | 20220326193306.0 | ||
| 008 | 991210s1998 enkac b 000 1deng d | ||
| 010 | _agb 99072873 | ||
| 015 | _aGB99-72873 | ||
| 020 |
_a1899846182 (pbk) : _cNo price : Formerly CIP |
||
| 035 | _a(OCoLC)46515602 | ||
| 035 | _a(OCoLC)ocm46515602 | ||
| 035 | _a(NNC)2267457 | ||
| 040 |
_aUk _cUk _dDLC _dMH-FA |
||
| 082 | 0 | 4 |
_a708 _bI593s |
| 100 | 1 |
_aOuditt, Steve, _d1960- _91716 |
|
| 245 | 1 | 0 |
_aSteve Ouditt : _bCreole in-site / _cSteve Ouditt ; edited by Gilane Tawadros. |
| 246 | 3 | 0 | _aCreole in-site |
| 260 |
_aLondon : _bInstitute of International Visual Arts, _c1998. |
||
| 300 |
_a72 p. : _bill. (some col.), port. ; _c23 cm. |
||
| 490 | 1 |
_aAnnotations ; _v4 |
|
| 500 | _a"The diary writings were originally published as part of Creole in-site, an on-line diary commissioned by the Institute of International Visual Arts for its website inIVA Online, 1997"--T.p. verso. | ||
| 504 | _aIncludes bibliographical references (p. 65-66). | ||
| 600 | 1 | 0 |
_aOuditt, Steve, _d1960- _91717 |
| 650 | 0 |
_aCreoles _zEngland _zLondon _vFiction. _91718 |
|
| 655 | 7 |
_aDiary fiction. _2lcsh. _91719 |
|
| 700 | 1 |
_aTawadros, Gilane. _91720 |
|
| 710 | 2 |
_aInstitute of International Visual Arts. _91488 |
|
| 830 | 0 |
_aAnnotations (London, England) ; _v4. _91721 |
|
| 999 |
_c362 _d362 |
||